| 000 | 00414nam a2200157Ia 4500 | ||
|---|---|---|---|
| 008 | 210716s2006 xx 000 0 und d | ||
| 020 | _a9788126507276 | ||
| 041 | _aeng | ||
| 082 | _a006.37 PETE | ||
| 100 | _aPetroutsos, Evangelos. | ||
| 245 | _aMastering microsoft visual basic 2005. | ||
| 250 | _a1 | ||
| 260 |
_aNew Delhi _bWiley Dreamtech Pvt Ltd _c2006 |
||
| 300 | _axxiii,1377 | ||
| 650 | _aVisual Basic | ||
| 999 |
_c187564 _d187564 |
||